000 00301nam a22001217a 4500
082 _a823
_bDEA/B
100 _aDEARY, TERRY
245 _aTHE BARMY BRITISH EMPIRE
246 _aTHE BARMY BRITISH EMPIRE
_bTHE BARMY BRITISH EMPIRE
260 _aLONDON
_bENGLISH PEOPLE
_c2002
300 _a127
942 _cBK
999 _c8773
_d8773